|
|
|
|
| LEADER |
00000nam a2200000 4500 |
| 001 |
vtls012282853 |
| 003 |
SK-MaSNL |
| 005 |
20260301061321.0 |
| 008 |
250917q1830 xo a f 000 0 lat |
| 015 |
|
|
|a SNBHFA
|
| 040 |
|
|
|a SNKHF
|b slo
|c SNKHF
|e rda
|
| 041 |
0 |
|
|a hun
|
| 043 |
|
|
|a e-hu---
|
| 044 |
|
|
|a xo
|c SK
|
| 072 |
|
7 |
|a 347.7
|x Obchodné právo. Finančné právo. Právo priemyselného vlastníctva. Patentové právo. Autorské právo
|2 konspekt
|
| 072 |
|
7 |
|a 338.3/.4
|x Hospodárske a výrobné odvetvia
|2 konspekt
|
| 080 |
|
|
|a (439.2)
|2 2011
|
| 080 |
|
|
|a 347.7
|2 2011
|
| 080 |
|
|
|a 338(091)
|2 2011
|
| 130 |
0 |
|
|a Articulus
|9 374110
|
| 245 |
1 |
0 |
|a Articulus De Qualiter Instituenda Naufragii Proba Per Regnicolarem Juridicam Deputationem Articulo 67. 1791. ordinatam projectatus
|
| 246 |
1 |
0 |
|a Demissa deputationis Regnicolaris Comercialis quod objecta Articolorum 67.1791. regnicolariter sibi delat Relatio
|
| 246 |
1 |
0 |
|a Descriptio Physico-Politicae Situationis Regni Hungariae Relate Ad Commercium Pro Deputatione Commmerciali Elaborata
|
| 264 |
|
3 |
|a Posonii
|b Typis Francisci Josephi Patzko
|c [1830]
|
| 300 |
|
|
|a 23 strán
|c 37 cm
|
| 336 |
|
|
|a text
|b txt
|2 rdacontent
|
| 337 |
|
|
|a bez média
|b n
|2 rdamedia
|
| 338 |
|
|
|a zväzok
|b nc
|2 rdacarrier
|
| 500 |
|
|
|a Ornamentálna vineta, linky, kustody, typografické ozdoby
|
| 501 |
|
|
|a Príväzok 3. k: CODEX Cambio Mercantilis Pro Regno Hungariae ... Posonii : Typis Francisci Josephi Patzko, [1830].
|5 SNK SA 512/1-4
|
| 504 |
|
|
|a Tlačené marginálie
|
| 505 |
2 |
0 |
|a Obsahuje: Prítlačok 1.:
|t Demissa deputationis Regnicolaris Comercialis quod objecta Articolorum 67.1791. regnicolariter sibi delat Relatio
|g 16 strán
|
| 505 |
2 |
0 |
|a Obsahuje: Prítlačok 2.:
|t Descriptio Physico-Politicae Situationis Regni Hungariae Relate Ad Commercium Pro Deputatione Commmerciali Elaborata
|r Per E.D. Nicolaum Skerletz
|g 88 strán
|
| 546 |
|
|
|a Latinský text
|b Antikva
|b Kurzíva
|
| 650 |
0 |
7 |
|a obchodné právo
|2 SNKPH
|9 2216
|
| 650 |
0 |
7 |
|a obchodno-právne vzťahy
|2 SNKPH
|9 374111
|
| 650 |
0 |
7 |
|a hospodárske dejiny
|2 SNKPH
|9 2284
|
| 651 |
|
7 |
|a Uhorsko
|2 SNKPHgeo
|9 28673
|
| 655 |
|
7 |
|a artikuly
|2 SNKPH
|9 305746
|
| 700 |
1 |
|
|a Packo, František Jozef,
|d narodený asi 1755
|4 prt
|9 215147
|
| 700 |
1 |
|
|a Škrlec Lomnički, Nikola,
|d 1729-1799
|4 aut
|9 374112
|
| 752 |
|
|
|a Slovensko
|d Bratislava
|
| 852 |
|
|
|a snk
|p SA 512/1-4/prív.3
|
| 958 |
|
|
|a ONDV
|
| 958 |
|
|
|a DF
|
| 999 |
|
|
|c 617224
|d 619154
|
| 952 |
|
|
|a SNK
|b SNK
|y PREZ
|7 0
|p 17A1567459
|o snkSA 512/1-4/prív.3
|i snkVIII. 1493/55
|0 0
|1 0
|4 0
|d 2025-09-17
|l 0
|r 2026-02-23 16:43:05
|w 2026-02-23
|